000 00377nam a22001577a 4500
003 OSt
005 20211103154900.0
008 211103b |||||||| |||| 00| 0 eng d
020 _a9280806890
040 _cHU
082 _a305.8182/ETH
100 _aMICHAEL C.HOWARD
_916811
245 _aETHNICITY &nation-building inthe paccific
300 _a333p
942 _2ddc
_cBOOKS
_n0
999 _c16559
_d16559